000 00651nam a2200253Ia 4500
003 OSt
005 20221007105908.0
006 a|||||r|||| 00| 0
007 ta
008 221006b |||||||| |||| 00| 0 eng d
024 _a19,824
037 _cTextual
040 _aLCO
_cLCO
_beng
041 _2eng
_aeng
082 _aZ2,181, K9
100 _aSen S.C
_982432
245 0 _aMegers Amalgamations and Take Overs
250 _a1st
260 _aCalcutta
_bEastern Law House India
_c1969
300 _a266
650 _aMERGERS AMALGAMATIONS
_9706923
942 _hZ2,181, K9
_cTEXL
999 _c1189387
_d1189387